000 01560nam a2200397 a 4500
001 000112046
003 CHAP
005 20250515062730.0
008 151124s2015 mx a fsm |||||||spa d
010 _a108507
011 _a109479
040 _cCHAP
090 _aTesis
100 1 _aRubio González, Ana Carolina
_9130123
245 1 0 _aAnálisis comparativo de la huella hídrica en maíz (Zea mays) grano versus uva (Vitis vinífera) de mesa en el DR-037 Altar-Pitiquito, Caborca, Sonora, 2012 /
_h[En línea]
_cpor Ana Carolina Rubio González.
260 _aBermejillo, Dgo. :
_bEl autor,
_c2015.
500 _aPara ver el contenido del material haga clic en la liga
502 _aTesis (Ing. en Sistemas Agrícolas) -- UACH. Unidad Regional Universitaria de Zonas Áridas
590 _aE11695DGD
_b10
_c20151125
_lUCH01
_h1326
590 _aE6096MTM
_b05
_c20151124
_lUCH01
_h1339
590 _aE6096MTM
_b05
_c20151125
_lUCH01
_h0921
590 _aE6096MTM
_b05
_c20151125
_lUCH01
_h0925
590 _aE6096MTM
_b05
_c20151125
_lUCH01
_h0932
650 1 4 _aAgua para irrigación
_92430
650 1 4 _aAgua subterránea
_92456
650 1 4 _aAgua
_xAbastecimiento
_xCostos.
_92238
650 1 4 _aDistrito de Riego Altar Pitiquito, Caborca, Son.
_932839
650 1 7 _aMaíz
_xCostos de producción
_2
_970915
650 1 4 _aMaíz
_xIrrigación.
_970998
650 1 4 _aMaíz
_xSonora.
_971063
650 1 4 _aUva
_xSonora.
_9117141
856 _aFinding aid
_uhttp://10.13.5.2/tesis/sist112046.pdf
_zTeclea aquí
901 _aBK
942 _cTESIS
942 _n0
999 _c108507
_d108507